Comedians by First Names Quiz Stats

 Plays Quiz Updated Apr 19, 2018

Challenge
Share
Tweet
Score 0/24 Timer 05:00
4 Plays Today
% Correct
Ellen DeGeneres
96.6%
Eddie Murphy
94.5%
Robin Williams
94.2%
Chris Rock
93.6%
Aziz Ansari
93.3%
Adam Sandler
92.9%
Jerry Seinfeld
91.5%
Amy Schumer
91.2%
Steve Martin
90.2%
Ricky Gervais
89.3%
Rowan Atkinson
88.8%
Sarah Silverman
88.3%
% Correct
David Letterman
87.9%
Richard Pryor
87.8%
Carol Burnett
87.8%
Trevor Noah
86.4%
George Carlin
86.3%
Samantha Bee
85.7%
Joan Rivers
85.6%
Larry David
84.9%
John Oliver
83.7%
Martin Short
82.7%
Andy Kaufman
81%
Chelsea Handler
79.4%

You're not logged in!

Compare scores with friends on all Sporcle quizzes.
OR
Log In

You Might Also Like...

Show Comments

Extras

Top Quizzes Today


Score Distribution

Your Account Isn't Verified!

In order to create a playlist on Sporcle, you need to verify the email address you used during registration. Go to your Sporcle Settings to finish the process.

Report this User

Report this user for behavior that violates our Community Guidelines.

Details: